000 nam a22 7a 4500
999 _c3791
_d3791
005 20170524085043.0
008 170524b1982 ilu||||| |||| 00| 0 eng d
020 _a0673156125 (pbk.) :
_c$9.95
040 _aAKMAL
082 _a808.04207 STE
090 _a808.04207
_bSTE
100 1 _aSteward, Joyce S.
_97499
245 1 4 _aThe writing laboratory :
_borganization, management, and methods /
_cJoyce S. Steward, Mary K. Croft.
260 _aGlenview, Ill. :
_bScott, Foresman,
_c c1982
300 _a155 p. :
_b ill. ;
_c24 cm
504 _aBibliography: p. 141-155.
650 0 _aEnglish language
_x Rhetoric
_xStudy and teaching.
_97500
650 0 _aReport writing
_xStudy and teaching (Higher)
_97501
650 0 _aIndividualized instruction.
_97502
650 0 _aWriting centers.
_97503
700 1 _aCroft, Mary K.
_97504
942 _2ddc
_cBOOK